[Event "Oberliga Nord O9899"]
[Site "GER"]
[Date "1999.??.??"]
[Round "?"]
[White "Vogel, Robert"]
[Black "Hoeckendorf, Hartmut"]
[Result "1-0"]
[WhiteElo "2290"]
[BlackElo "2245"]

1.d4 Nf6 2.c4 Nc6 3.Nc3 e5 4.d5 Ne7 5.g3 d6 6.Bg2 Ng6 7.Nf3 Be7 8.O-O O-O
9.Ne1 Bg4 10.h3 Bd7 11.e4 c5 12.Rb1 Qc8 13.Kh2 a6 14.Bd2 b5 15.b4 cxb4 16.Rxb4 a5
17.Rb2 Qxc4 18.Qb1 b4 19.Nd1 Rfc8 20.Ne3 Qa6 21.Rg1 Bf8 22.Bf1 Qa7 23.Kg2 Rab8
24.Nf3 Ne8 25.Nc4 Bb5 26.Be3 Qa6 27.Ncd2 Rc3 28.Bxb5 Qxb5 29.Rc1 Rbc8 30.Rxc3 Rxc3
31.Qf1 Qa4 32.Nb3 Nc7 33.Bd2 Nb5 34.Bxc3 bxc3 35.Re2 Nd4 36.Nfxd4 exd4 37.Qd1 Qc4
38.Nxd4 a4 39.Nc6 h5 40.Qc2 h4 41.Re3 hxg3 42.fxg3  1-0

[Event "Gyongyos op"]
[Site "Gyongyos"]
[Date "1999.??.??"]
[Round "1"]
[White "Portisch, Ferenc"]
[Black "Ujj, Daniel"]
[Result "1-0"]
[WhiteElo "2385"]
[BlackElo "2100"]

1.d4 Nf6 2.c4 Nc6 3.Nf3 e6 4.Nc3 Bb4 5.e3 O-O 6.Bd2 d6 7.a3 Bxc3 8.Bxc3 Ne4
9.Qc2 Nxc3 10.Qxc3 Qf6 11.Be2 e5 12.dxe5 Nxe5 13.Nxe5 Qxe5 14.Qxe5 dxe5 15.Kd2 Be6
16.Kc3 Rad8 17.Rhd1 f6 18.Bf3 b6 19.Bc6 Kf7 20.Kb4 Ke7 21.Kb5 Bc8 22.c5 Rxd1
23.Rxd1 Rd8 24.Rxd8 a6+ 25.Kc4 Kxd8 26.Kd5 a5 27.cxb6 cxb6 28.Kd6 h6 29.Be4 Bd7
30.Bg6 Bb5 31.g3 Ba4 32.f4 exf4 33.gxf4 Be8 34.Bxe8 Kxe8 35.f5  1-0

[Event "Gyongyos op"]
[Site "Gyongyos"]
[Date "1999.??.??"]
[Round "2"]
[White "Szabo, Zsolt Jozsef"]
[Black "Eberth, Zoltan"]
[Result "1-0"]
[WhiteElo "2450"]
[BlackElo "2270"]

1.d4 Nf6 2.c4 Nc6 3.Nf3 e6 4.Nc3 Bb4 5.Bd2 Bxc3 6.Bxc3 Qe7 7.d5 Nb8 8.e3 d6
9.dxe6 fxe6 10.Be2 O-O 11.O-O Ne4 12.Be1 Nd7 13.Qc2 Ndf6 14.b4 b6 15.Nd2 Nxd2
16.Bxd2 Bb7 17.f3 e5 18.Rac1 c5 19.Rfd1 Rad8 20.bxc5 dxc5 21.Bc3 Nd7 22.Bd3 Qg5
23.Bxh7+ Kh8 24.Kh1 Rxf3 25.Be4 Bxe4 26.Qxe4 Rf2 27.h3 Rf7 28.Rf1 Rdf8 29.Rxf7 Rxf7
30.Rd1 Kg8 31.Kh2 g6 32.Rd6 Nf6 33.Qa8+ Kh7 34.Qf3 Kg8 35.Re6 e4 36.Qg3 Qxg3+
37.Kxg3 Nh5+ 38.Kh4 Kh7 39.g4 Ng7 40.Rxe4 Kh6 41.Re5 Rd7 42.e4 Rd3 43.Bb2 Rd7
44.Bc1+ Kh7 45.Kg5 Rd6 46.Re7 Kg8 47.e5 Re6 48.Rxa7  1-0

[Event "Alfoeld Cup op"]
[Site "Hajduszoboszlo"]
[Date "1999.??.??"]
[Round "3"]
[White "Solymosi, Istvan"]
[Black "Varadi, Viktor"]
[Result "0-1"]
[WhiteElo "2195"]
[BlackElo "2230"]

1.d4 Nf6 2.c4 Nc6 3.Nc3 e5 4.d5 Ne7 5.e4 Ng6 6.g3 Bb4 7.Bg2 Bxc3+ 8.bxc3 d6
9.Ne2 O-O 10.O-O Nd7 11.h4 Ne7 12.Be3 f5 13.f4 b6 14.Kh1 fxe4 15.Bxe4 Nf6
16.Bg2 Nf5 17.Bf2 Ng4 18.Qd3 exf4 19.Nxf4 Nxh4 20.Be4 Nf5 21.Ne6 Bxe6 22.dxe6 Qg5
23.Kg2 Nfe3+ 24.Bxe3 Nxe3+ 25.Kh1 Nxf1 26.Bxa8 Qh5+  0-1

[Event "Hallsberg opJ"]
[Site "Hallsberg"]
[Date "1999.??.??"]
[Round "3"]
[White "Carlstrom, Nicklas"]
[Black "Snarheim, Dagfinn"]
[Result "0-1"]
[WhiteElo "2030"]
[BlackElo "2190"]

1.d4 Nf6 2.c4 Nc6 3.Nc3 e5 4.d5 Ne7 5.h4 Neg8 6.Nf3 Ng4 7.a3 a5 8.e3 f5 9.Rb1 Be7
10.b4 axb4 11.axb4 e4 12.Nd4 Bxh4 13.g3 Bf6 14.Nxe4 Qe7 15.Nc3 Be5 16.f4 Bf6
17.Qd3 N8h6 18.d6 Qf7 19.Bg2 c6 20.b5 O-O 21.b6 Qg6 22.Nde2 Re8 23.e4 Bxc3+
24.Nxc3 fxe4 25.Bxe4 Nf6 26.f5 Qxf5 27.Bxh6 Nxe4 28.Be3 Nxg3 29.Kd2 Qxd3+
30.Kxd3 Nxh1 31.Rxh1 Ra5 32.Rg1 g6 33.Ne4 Ra3+ 34.Nc3 Rxc3+ 35.Kxc3 Rxe3+
36.Kd4 Re6 37.Kc5 h5 38.Ra1 Kg7 39.Ra8 Re8 40.Kd4 g5 41.c5 h4  0-1

[Event "Hallsberg opJ"]
[Site "Hallsberg"]
[Date "1999.??.??"]
[Round "6"]
[White "Loetscher, Roland"]
[Black "Snarheim, Dagfinn"]
[Result "1/2-1/2"]
[WhiteElo "2180"]
[BlackElo "2190"]

1.d4 Nf6 2.c4 Nc6 3.Nf3 d6 4.Nc3 e5 5.d5 Ne7 6.e4 Ng6 7.g3 Be7 8.Bg2 O-O
9.O-O Ne8 10.Nd2 Bg5 11.h4 Bh6 12.Qe2 Ne7 13.b4 f5 14.Bb2 f4 15.c5 Nf6 16.cxd6 cxd6
17.Nc4 a6 18.a4 Ng6 19.b5 Ng4 20.h5 Nh4 21.f3 Nxg2 22.Qxg2 Qc7 23.Qe2 Nf6
24.g4 Nxg4 25.fxg4 f3 26.Rxf3 Rxf3 27.Qxf3 Qxc4 28.Rf1 Bf4 29.Ne2 Bd7 30.Nxf4 Rf8
31.Qa3 Rxf4 32.Rxf4 exf4 33.Qxd6 Qxe4 34.Qxd7 Qe1+ 35.Kg2 Qg3+ 36.Kf1 Qd3+
37.Kf2 Qe3+ 38.Kf1 Qd3+ 39.Ke1 Qb1+ 40.Ke2 Qxb2+ 41.Kf3 Qa3+ 42.Kxf4 Qxa4+
43.Ke5 Qxb5 44.Ke6 Qe2+ 45.Kd6 Kf8 46.Qc8+ Kf7 47.Qxb7+ Kf8 48.Qc8+ Kf7 49.Qf5+ Ke8
50.Qxh7 Qe7+ 51.Kc6 Qd7+ 52.Kc5 Qc8+ 53.Kd6 Qb8+ 54.Ke6 Qc8+ 55.Ke5 Qc3+
56.Kf4 Qd2+ 57.Kg3 Qe3+ 58.Kh4  1/2-1/2

[Event "HUN-chT29899"]
[Site "HUN"]
[Date "1999.??.??"]
[Round "?"]
[White "Gombocz, Zsolt"]
[Black "Amrein, Roland"]
[Result "1-0"]
[WhiteElo "2100"]
[BlackElo "2235"]

1.d4 Nf6 2.c4 Nc6 3.Nf3 e6 4.Nc3 Bb4 5.a3 Bxc3+ 6.bxc3 Na5 7.e3 c5 8.dxc5 Qc7
9.Qd6 Qxd6 10.cxd6 Ne4 11.Nd4 O-O 12.a4 b6 13.f3 Nc5 14.Ba3 f5 15.Bb4 e5
16.Bxc5 bxc5 17.Nb5 Bb7 18.Be2 Bc6 19.O-O Rf6 20.Rfd1 Rg6 21.Nc7 Rb8 22.Nd5 Kf7
23.Ne7 Rf6 24.Rab1 Bxa4 25.Rxb8 Bxd1 26.Bxd1 Rxd6 27.Nd5 Nxc4 28.e4 Ra6 29.Be2 Ra1+
30.Kf2 Nd6 31.exf5 Nxf5 32.Ne3 Nd6 33.Nc4 Ke6 34.Nxd6 Kxd6 35.Rg8 a5 36.Rxg7 a4
37.Bb5 Kc7 38.Rxd7+ Kb6 39.Bc4 a3 40.Rd6+ Kc7 41.Ra6 Kd7 42.h4 Ke7 43.h5 h6
44.g4 Kf8 45.Ra7 Ke8 46.g5 hxg5 47.h6 Rh1 48.h7 Kf8 49.Bg8 Rh4 50.Kg3 Ke8
51.Bd5 Kf8 52.Rf7+ Ke8 53.Rg7  1-0

[Event "HUN-chT29899"]
[Site "HUN"]
[Date "1999.??.??"]
[Round "?"]
[White "Fordan, Tibor"]
[Black "Laszlo, Janos"]
[Result "1-0"]
[WhiteElo "2225"]
[BlackElo "2280"]

1.d4 Nf6 2.c4 Nc6 3.Nf3 e6 4.Nc3 Bb4 5.e3 O-O 6.Bd3 d6 7.O-O Bxc3 8.bxc3 e5
9.e4 h6 10.h3 Re8 11.d5 Ne7 12.Be3 b6 13.Nd2 Ng6 14.Bc2 Rf8 15.Nb3 a5 16.f4 exf4
17.Bxf4 Nxf4 18.Rxf4 Nd7 19.Nd4 Qg5 20.Qf1 Ne5 21.Nf5 Bxf5 22.exf5 f6 23.Qf2 Qh5
24.a4 Rae8 25.Re1 Nd7 26.Re6 Nc5 27.Qe3 Nxe6 28.dxe6 Re7 29.Rg4 Kh8 30.Rg6 Qh4
31.Be4 Qh5 32.Qe1 c6 33.Kh2 d5 34.Bc2 Rfe8 35.g4 Rxe6 36.fxe6 Qe5+ 37.Qxe5 fxe5
38.cxd5 cxd5 39.e7 Rxe7 40.Rxb6 Kg8 41.Bg6  1-0

[Event "Recklinghausen op"]
[Site "Recklinghausen"]
[Date "1999.??.??"]
[Round "8"]
[White "Richter, Christian"]
[Black "Sielecki, Christof"]
[Result "1/2-1/2"]
[WhiteElo "2100"]
[BlackElo "2410"]

1.d4 Nf6 2.c4 Nc6 3.Nf3 e6 4.Nc3 Bb4 5.Qc2 d6 6.e3 O-O 7.Bd2 Qe7 8.a3 Bxc3
9.Bxc3 a5 10.Be2 e5 11.O-O a4 12.dxe5 dxe5 13.Nd2 Bg4 14.Ne4 Nxe4 15.Bxg4 Nxc3
16.Qxc3 f5 17.Be2 f4 18.Rae1 Rae8 19.exf4 Rxf4 20.Bd1 Nd4 21.Bxa4 Ref8 22.Bd1 Qf6
23.Qe3 e4 24.g3 Nf3+ 25.Bxf3 Rxf3 26.Qxe4 Rxf2  1/2-1/2

[Event "SVK-chT 9899"]
[Site "SVK"]
[Date "1999.??.??"]
[Round "5"]
[White "Kiss, P."]
[Black "Meszaros, Gyula"]
[Result "1-0"]
[WhiteElo "2435"]
[BlackElo "2310"]

1.d4 Nf6 2.c4 Nc6 3.Nf3 e6 4.g3 Bb4+ 5.Bd2 Qe7 6.Nc3 O-O 7.Bg2 d6 8.O-O e5
9.Nd5 Nxd5 10.cxd5 Bxd2 11.dxc6 Bh6 12.dxe5 dxe5 13.Qd5 bxc6 14.Qxe5 Qxe5
15.Nxe5 Ba6 16.Rfe1 Rad8 17.e3 Rd2 18.b3 c5 19.Rec1 Re8 20.Rxc5 g6 21.Ra5 Be2
22.Rc1 a6 23.Bf1 Bxf1 24.Kxf1 Bg7 25.Nc4 Rd7 26.Rxa6 h5 27.h4 f6 28.Ke2 Ree7
29.Rd1 Rxd1 30.Kxd1 Kf7 31.Ke2 g5 32.Rc6 gxh4 33.gxh4 Ke8 34.Rc5  1-0

[Event "SVK-chT 9899"]
[Site "SVK"]
[Date "1999.??.??"]
[Round "11"]
[White "Likavsky, Tomas"]
[Black "Meszaros, Gyula"]
[Result "0-1"]
[WhiteElo "2295"]
[BlackElo "2310"]

1.d4 Nf6 2.c4 Nc6 3.Nf3 e6 4.g3 Bb4+ 5.Nbd2 O-O 6.Bg2 d6 7.O-O Bxd2 8.Qxd2 e5
9.d5 Nb8 10.Ne1 a5 11.e4 c6 12.Nd3 b5 13.f4 bxc4 14.fxe5 Ng4 15.Nf2 Nxe5
16.dxc6 Ra6 17.b3 Be6 18.Ba3 Rxc6 19.Rab1 Na6 20.Rfc1 Nc5 21.Rc3 Qb6 22.Qe3 Na6
23.Qxb6 Rxb6 24.Rd1 Nb4 25.Rd2 Rc8 26.Bh3 cxb3 27.Bxb4 Rxc3 28.Bxc3 Nf3+  0-1

[Event "SWE-chT 9899"]
[Site "Sweden"]
[Date "1999.??.??"]
[Round "8"]
[White "Barkhagen, Jonas"]
[Black "Sjoegren, Bo"]
[Result "1-0"]
[WhiteElo "2506"]
[BlackElo "2221"]

1.d4 Nf6 2.c4 Nc6 3.Nf3 e6 4.a3 d5 5.Nc3 g6 6.Bg5 Bg7 7.cxd5 exd5 8.e3 O-O
9.b4 Ne7 10.Be2 c6 11.Nd2 h6 12.Bxf6 Bxf6 13.Nb3 Nf5 14.b5 Bg5 15.O-O Qe7
16.Qd3 Nd6 17.Rfc1 Bf5 18.Qd2 Nc4 19.Bxc4 dxc4 20.Nc5 cxb5 21.f4 b6 22.Na6 Bf6
23.e4 Qb7 24.exf5 Qxa6 25.Nd5 Bd8 26.Qc2 Qb7 27.Qe4 Qd7 28.fxg6 f5 29.Qf3 Rc8
30.Re1 Bf6 31.Rad1 Rcd8 32.Nxf6+ Rxf6 33.Re5 a5 34.Qc3 Rxg6 35.d5 Qg7 36.g3 Kh7
37.Qe3 Rd7 38.d6 Rf6 39.Qxb6 b4 40.axb4 axb4 41.Qxb4 c3 42.Qxc3 Rdxd6 43.Rxd6 Rxd6
44.Qc2 Qa7+ 45.Kg2 Qb7+ 46.Kh3 Rf6 47.Rxf5 Qd7 48.g4 Rg6 49.Qe4 Qa7 50.Rf6  1-0

[Event "RUS-Cup"]
[Site "Tula "]
[Date "1999.??.??"]
[Round "1"]
[White "Timofeev, Sergey"]
[Black "Zaitsev, Vadim"]
[Result "1-0"]
[WhiteElo "2253"]
[BlackElo "2412"]

1.d4 Nf6 2.c4 Nc6 3.Nc3 e5 4.d5 Ne7 5.e4 Ng6 6.Bd3 Bc5 7.Nf3 d6 8.a3 a5 9.Na4 Ba7
10.b4 axb4 11.axb4 O-O 12.O-O Bd7 13.Kh1 Ng4 14.c5 Bxa4 15.Rxa4 dxc5 16.h3 c4
17.hxg4 cxd3 18.Ra3 Qd7 19.Ne1 c6 20.Rxd3 cxd5 21.Rxd5 Qe7 22.Nc2 Rfd8 23.Ne3 Bd4
24.Rxd8+ Rxd8 25.Nd5 Qh4+ 26.Kg1 Ne7 27.Ne3 g6 28.g3 Qh3 29.Qf3 Rd6 30.b5 Kg7
31.g5 Qe6 32.Ba3 Rd7 33.Ng4 Ng8 34.Nf6 Nxf6 35.gxf6+ Kg8 36.Rc1 Rd8 37.Be7 Rc8
38.Qd1 Rxc1 39.Qxc1 Qh3 40.Qa3 Qc8 41.Kg2 h5 42.Qa2 h4 43.Qd2 Qg4 44.Qh6 Qxe4+
45.f3 Qc2+ 46.Kh3 Qf5+ 47.Kxh4 Qh5+ 48.Qxh5 gxh5 49.Kxh5 Bf2 50.Kg4 Kh7 51.Bd6 Kg6
52.Bxe5 Bb6 53.Kf4 Bd8 54.Ke4 Ba5 55.Kd5 Bb4 56.Bd6 Be1 57.Be5 Bb4 58.Bd4 Kf5
59.Bc5 Be1 60.g4+ Kxf6 61.Kd6 Kg5 62.Kc7 Kf4 63.Kxb7 f6 64.Kc6 Ba5 65.Bb6 Bd2
66.Bc7+ Kxf3 67.b6 Be3 68.b7 Ba7 69.Kb5  1-0

[Event "Villa Martelli Warsteiner"]
[Site "Villa Martelli"]
[Date "1999.??.??"]
[Round "1"]
[White "Scarella, Enrique"]
[Black "Bulcourf, Carlos"]
[Result "1/2-1/2"]
[WhiteElo "2338"]
[BlackElo "2285"]

1.d4 Nf6 2.c4 Nc6 3.Nf3 d6 4.Nc3 e5 5.dxe5 Nxe5 6.e3 c6 7.Be2 Be6 8.Ng5 Bxc4
9.Bxc4 Nxc4 10.Qb3 b5 11.a4 a6 12.O-O Rb8 13.axb5 axb5 14.Ra6 Nd7 15.Rxc6 Qxg5
16.Nxb5 Na5 17.Nc7+ Ke7 18.Qd5 Qxd5 19.Nxd5+ Kd8 20.Ra6 Nb3 21.e4 Nxc1 22.Rxc1 Rxb2
23.Ra7 Nb6 24.Rb7 Nc4 25.Rc7 Nb6 26.Rb7 Nc4 27.Rc7 Nb6 28.Rb7 Na4 29.Rxf7 Nc5
30.Rc7 Na6 31.R7c6 Nb4 32.Rc7 Na6 33.R7c6 Nb4 34.Rc7 Na6 35.R7c6  1/2-1/2

[Event "Challengers"]
[Site "Hastings ENG"]
[Date "2000.01.03"]
[Round "6"]
[White "Almond,R"]
[Black "Webster,A"]
[Result "0-1"]
[WhiteElo "2138"]
[BlackElo "2427"]

1.d4 Nf6 2.c4 Nc6 3.Nc3 e5 4.d5 Ne7 5.e4 Ng6 6.Be3 Bb4 7.f3 Bxc3+ 8.bxc3 d6
9.c5 O-O 10.Bd3 Nd7 11.cxd6 cxd6 12.Ne2 Qc7 13.O-O Nc5 14.Qd2 Nxd3 15.Qxd3 f5
16.c4 b6 17.Nc3 Ba6 18.Nb5 Bxb5 19.cxb5 fxe4 20.fxe4 Nf4 21.Bxf4 Rxf4 22.Rac1 Qf7
23.g3 Qg6 24.Rxf4 exf4 25.Rc7 Rf8 26.Qc3 Qg4 27.Rxa7 fxg3 28.hxg3 Qd1+ 29.Kh2 Rf2+  0-1

[Event "VII Anibal Open"]
[Site "Linares ESP"]
[Date "2000.01.09"]
[Round "3"]
[White "Kalantarian,N"]
[Black "Hagesaether,H"]
[Result "0-1"]
[WhiteElo "2437"]
[BlackElo "2222"]

1.d4 Nf6 2.c4 Nc6 3.Nc3 e5 4.d5 Ne7 5.e4 Ng6 6.a3 Bc5 7.g3 O-O 8.Bg2 a6 9.b4 Ba7
10.Nge2 d6 11.h3 Ne8 12.O-O f5 13.exf5 Bxf5 14.Be3 Bxe3 15.fxe3 Qg5 16.e4 Qe3+
17.Kh2 Bd7 18.Rxf8+ Kxf8 19.Qf1+ Nf6 20.Qf3 Qd2 21.Rd1 Qh6 22.Rf1 Kg8 23.Nd1 Rf8
24.Qd3 Bxh3 25.Bxh3 Ng4+ 26.Kg2 Rxf1 27.Kxf1 Qxh3+ 28.Ke1 Nf4 29.Qf3 Nh2
30.Qh1 Nd3+ 31.Kd2 Nf1+  0-1

[Event "Troll Masters"]
[Site "Gausdal NOR"]
[Date "2000.01.10"]
[Round "1"]
[White "Anderton,D"]
[Black "Hagesaether,P"]
[Result "1/2-1/2"]
[WhiteElo "2228"]
[BlackElo "2271"]

1.d4 Nf6 2.c4 Nc6 3.Nf3 e6 4.a3 d5 5.Nc3 g6 6.Bg5 Bg7 7.e3 Ne7 8.Bd3 O-O
9.h3 b6 10.O-O Bb7 11.Rc1 Ne4 12.Bf4 c5 13.cxd5 exd5 14.Be5 f6 15.Bh2 Rc8
16.dxc5 Nxc3 17.Rxc3 bxc5 18.Qe2 Qb6 19.Rfc1 Rfe8 20.Qc2 c4 21.Be2 Nc6 22.b3 f5
23.bxc4 Bxc3 24.Rb1 Qa5 25.Rxb7 Bf6 26.g4 fxg4 27.hxg4 Qxa3 28.g5 Bg7 29.Nh4 Re7
30.Rb3 Qa1+ 31.Rb1 Nd4 32.Rxa1 Nxc2 33.Ra2 Nb4 34.Ra4 Rb7 35.Bf3 Bf8 36.cxd5 Nd3
37.Bg3 Rc5 38.Ng2 a5 39.Nf4 Nxf4 40.Bxf4 Rb4 41.Ra2 a4 42.Bg4 Rxf4 43.exf4 a3
44.Kg2 Rb5 45.Be2  1/2-1/2

[Event "VII Anibal Open"]
[Site "Linares ESP"]
[Date "2000.01.13"]
[Round "7"]
[White "Estremera Panos,S"]
[Black "Hagesaether,H"]
[Result "1-0"]
[WhiteElo "2387"]
[BlackElo "2222"]

1.d4 Nf6 2.c4 Nc6 3.Nf3 d6 4.Nc3 e5 5.d5 Ne7 6.e4 Ng6 7.g3 Be7 8.Bg2 O-O
9.O-O Ne8 10.Be3 f5 11.exf5 Bxf5 12.Nd2 Bg5 13.Bxg5 Qxg5 14.Nde4 Qe7 15.Qb3 b6
16.c5 bxc5 17.Nxc5 Nf6 18.N5e4 Qd7 19.Rac1 Bh3 20.Qb5 Qf5 21.f3 Bxg2 22.Kxg2 Nh5
23.Qc4 Rf7 24.Nd1 Raf8 25.Ne3 Qd7 26.Ng5 Nhf4+ 27.gxf4 Rxf4 28.Qxc7 Qb5 29.Ne6 R8f7
30.Qc8+ Rf8 31.Nxf8 Rxf8 32.Qe6+ Kh8 33.Kh1 Qe2 34.Rc8 h6 35.Rxf8+ Nxf8 36.Qxd6 Nh7
37.Qd8+  1-0

[Event "VII Anibal Open"]
[Site "Linares ESP"]
[Date "2000.01.15"]
[Round "9"]
[White "Touzane,O"]
[Black "Hagesaether,H"]
[Result "1/2-1/2"]
[WhiteElo "2348"]
[BlackElo "2222"]

1.d4 Nf6 2.c4 Nc6 3.Nc3 e5 4.d5 Ne7 5.Nf3 d6 6.e4 Ng6 7.h4 Be7 8.h5 Nf8 9.Be2 N8d7
10.Nd2 O-O 11.Rb1 a5 12.a3 h6 13.b4 Nh7 14.Nf1 axb4 15.axb4 Bg5 16.Ne3 Nb6
17.c5 dxc5 18.bxc5 Nd7 19.Na4 Nhf6 20.Rb4 Rxa4 21.Qxa4 Nxc5 22.Qc2 b6 23.f3 Bd7
24.Nc4 Bh4+ 25.Rxh4 Nxd5 26.exd5 Qxh4+ 27.Kf1 Qh1+ 28.Kf2 Qh4+ 29.Kf1 Qh1+
30.Kf2  1/2-1/2

[Event "V Ubeda Open"]
[Site "Ubeda ESP"]
[Date "2000.01.22"]
[Round "4"]
[White "Touzane,O"]
[Black "Nicholson,JG"]
[Result "1-0"]
[WhiteElo "2384"]
[BlackElo "2193"]

1.d4 Nf6 2.c4 Nc6 3.Nf3 d6 4.d5 Ne5 5.Nxe5 dxe5 6.g3 e6 7.Bg2 exd5 8.cxd5 Bc5
9.O-O O-O 10.Nc3 Ne8 11.Qb3 Kh8 12.Bd2 f5 13.Rac1 Bd7 14.Ne4 Bb6 15.Bg5 Nf6
16.Nc5 Qe7 17.Qa3 e4 18.Rfd1 Rae8 19.e3 Bc8 20.d6 cxd6 21.Na4 Rd8 22.Nxb6 axb6
23.Qb4 Be6 24.Qxb6 Bxa2 25.Bf1 Qf7 26.Rxd6 Rxd6 27.Qxd6 Nd5 28.Qa3 Nb6 29.Qd6 Nd5
30.Ra1 Bb3 31.Ra3 Nf6 32.Bxf6 gxf6 33.Rxb3  1-0

[Event "Caissa Open"]
[Site "Kharkov UKR"]
[Date "2000.01.27"]
[Round "1"]
[White "Romashko,A"]
[Black "Gasanov,E"]
[Result "1-0"]
[WhiteElo "2035"]
[BlackElo "2400"]

1.d4 Nf6 2.c4 Nc6 3.Nf3 e6 4.Nc3 Bb4 5.Qc2 d6 6.a3 Bxc3+ 7.Qxc3 a5 8.b3 Qe7
9.Bb2 O-O 10.e3 Bd7 11.Be2 a4 12.b4 d5 13.O-O Na7 14.Ne5 Ne4 15.Qc2 f6 16.Nxd7 Qxd7
17.cxd5 exd5 18.Rac1 c6 19.Bd3 f5 20.f3 Nd6 21.Qxa4 b5 22.Qc2 Nc4 23.Bxc4 bxc4
24.a4 Nc8 25.e4 fxe4 26.fxe4 Nd6 27.exd5 cxd5 28.b5 Ne4 29.Rxf8+ Rxf8 30.Rf1 Rxf1+
31.Kxf1 Qc7 32.g3 c3 33.Bc1 Qc4+ 34.Kg2 g6 35.b6 Qa6 36.a5 Kf7 37.Bf4 g5
38.Bxg5 Qb5 39.Bc1 Kg7 40.Qd1 Qxa5 41.Qg4+ Kh8 42.Qc8+ Kg7 43.Qd7+ Kf6 44.Qd8+ Kf7
45.Qd7+ Kf6 46.Qc6+ Kg7 47.b7 Qa2+ 48.Kh3 Qb1 49.Qc7+ Kg6 50.b8=Q Ng5+ 51.Bxg5 Qf5+
52.g4 Qf1+ 53.Kh4 Qf2+ 54.Qg3  1-0

[Event "Goodricke Open"]
[Site "Calcutta IND"]
[Date "2000.02.06"]
[Round "1"]
[White "Dao Thien Hai"]
[Black "Webster,A"]
[Result "1/2-1/2"]
[WhiteElo "2550"]
[BlackElo "2401"]

1.d4 Nf6 2.c4 Nc6 3.Nc3 e5 4.d5 Ne7 5.h4 Neg8 6.Nf3 Ng4 7.Ng5 h6 8.Nge4 N8f6
9.Ng3 Bc5 10.e3 O-O 11.Be2 d6 12.h5 Qd7 13.Bd3 Qd8 14.Be2 Qd7 15.Bd3 Qd8
16.Rh4 Re8 17.Be2 Qd7 18.a3 a6 19.Nf1 e4 20.Ng3 c6 21.dxc6 bxc6 22.Bxg4 Nxg4
23.Ngxe4 Qf5 24.Qf3 Qxf3 25.gxf3 Ne5 26.Ke2 Be6 27.b3 Rab8 28.Nd2 d5 29.cxd5 cxd5
30.Bb2 Bb6 31.Na4 Bd8 32.Rhh1 Bd7 33.Nc3 d4 34.Nce4 Bb5+ 35.Kd1 Nd3 36.Bxd4 f5
37.Nd6 Nxf2+ 38.Kc2 Bd3+ 39.Kb2 Re6 40.Rh2 f4 41.exf4 Rxd6 42.Be5 Rc6 43.b4 Rb5
44.Rc1 Rxc1 45.Kxc1 Bb6 46.Rg2 Be3 47.Rxg7+ Kf8 48.Rg2 Bf5 49.Kb2 Nd3+ 50.Kc3 Bxf4
51.Bd4 Be5 52.Bxe5 Nxe5  1/2-1/2

[Event "5th HIT Open"]
[Site "Nova Gorica SLO"]
[Date "2000.02.07"]
[Round "7"]
[White "Bratanov,Z"]
[Black "Cebalo,M"]
[Result "1/2-1/2"]
[WhiteElo "2332"]
[BlackElo "2553"]

1.d4 Nf6 2.c4 Nc6 3.Nf3 e6 4.Nc3 Bb4 5.Qc2 O-O 6.a3 Bxc3+ 7.Qxc3 d6 8.b4 e5
9.dxe5 dxe5 10.Nxe5 Nxe5 11.Qxe5 Re8 12.Qb2 Ne4 13.Bf4 Bf5 14.e3 Qh4 15.g3 Qe7
16.f3 g5 17.fxe4 gxf4 18.gxf4 Qxe4 19.Qg2+ Qxg2 20.Bxg2 Rxe3+ 21.Kf2  1/2-1/2

[Event "8th Valle d'Aosta Open"]
[Site "Saint Vincent ITA"]
[Date "2000.02.12"]
[Round "1"]
[White "Schaefer,Mi"]
[Black "Cebalo,M"]
[Result "1/2-1/2"]
[WhiteElo "2215"]
[BlackElo "2553"]

1.d4 Nf6 2.c4 Nc6 3.Nc3 e5 4.dxe5 Nxe5 5.e3 g6 6.b3 Bg7 7.Bb2 d6 8.Be2 O-O
9.Nf3 Nfg4 10.Nxe5 Nxe5 11.O-O a6 12.Qd2 Be6 13.Nd5 Rb8 14.Bc3 c6 15.Nf4 Qe7
16.Rad1 Rfd8 17.Nxe6 Qxe6 18.Qb2 b5 19.cxb5 axb5 20.a3 Bf6 21.Kh1 Nd7 22.Bxf6 Nxf6
23.Bf3 d5 24.Rc1 Rb6 25.Qd4 Ra6 26.a4 bxa4 27.bxa4 Rda8 28.Ra1 Nd7 29.Rfc1 Ra5
30.Kg1 h5 31.h3 R8a7 32.Kf1 Qd6 33.Kg1 Ne5 34.Be2 c5 35.Qd1 Qe6 36.Bb5 c4
37.e4 Nd3 38.exd5 Qf6 39.Qf3 Qxf3 40.gxf3 Nxc1 41.Rxc1 Rxa4 42.Bxa4 Rxa4
43.Kg2 Kf8 44.Kg3 Ke7 45.Kf4 Kd6 46.Ke4 c3+ 47.Kd3 Rf4 48.Kxc3 Kxd5 49.Rd1+ Ke5
50.Rd3 Ra4 51.Re3+ Kf4 52.Kd2 Kg5 53.Ke2 Kh4 54.f4 Rxf4 55.Kf1 f5 56.Kg2 Ra4
57.Re2 f4 58.f3 Ra5 59.Kh2 Ra3 60.Kg2 g5 61.Rb2 Rc3 62.Ra2 Rb3 63.Rc2 g4
64.hxg4 hxg4 65.fxg4 Kxg4 66.Kf2 Rh3 67.Rc8 Rh2+ 68.Kg1 Re2 69.Ra8 Kf3 70.Kf1 Re3
71.Rh8  1/2-1/2

[Event "Petroff Mem Open"]
[Site "St Petersburg RUS"]
[Date "2000.02.14"]
[Round "7"]
[White "Pakhomov,A"]
[Black "Lebedev,Va"]
[Result "1-0"]
[WhiteElo "2298"]
[BlackElo "2225"]

1.d4 Nf6 2.c4 Nc6 3.Nf3 e6 4.Nc3 Bb4 5.Qc2 d6 6.Bg5 h6 7.Bh4 O-O 8.e3 e5
9.dxe5 Nxe5 10.O-O-O Bxc3 11.Qxc3 Bg4 12.Be2 Ng6 13.Bxf6 Qxf6 14.Qxf6 gxf6
15.Rd4 Be6 16.Rhd1 Rfe8 17.Nh4 c5 18.Re4 f5 19.Rxe6 Rxe6 20.Nxf5 Rd8 21.Nxh6+ Kg7
22.Nf5+ Kf6 23.g4 Ne7 24.Ng3 Ng6 25.Nh5+ Ke7 26.Ng7 Rf6 27.Nf5+ Kf8 28.f4 Ne7
29.Nxe7 Kxe7 30.h4 Re6 31.Rd3 Re4 32.b3 b5 33.Bf3 bxc4 34.Rc3 Re6 35.bxc4 f5
36.g5 Kf8 37.h5 Rde8 38.Kd2 Rb8 39.Rb3 Rxb3 40.axb3 Kg7 41.Bd5 Re7 42.e4 fxe4
43.Ke3  1-0

[Event "Belgian Interteams 1999-2000"]
[Site "Antwerp BEL"]
[Date "2000.02.20"]
[Round "10"]
[White "Becker,D"]
[Black "Baert,A"]
[Result "1-0"]
[WhiteElo "2114"]
[BlackElo "2195"]

1.d4 Nf6 2.c4 Nc6 3.Nc3 e5 4.d5 Nb8 5.e4 Bb4 6.Qd3 O-O 7.Bd2 Na6 8.f3 Nc5
9.Qe3 a5 10.Nge2 d6 11.g4 Bxg4 12.fxg4 Nxg4 13.Qf3 f5 14.Ng3 Qh4 15.exf5 e4
16.Qf4 e3 17.Bc1 Rae8 18.Ke2 Nd3 19.Qf3 Ngf2 20.Bxe3 Nxh1 21.Kxd3 Nxg3 22.hxg3 Qf6
23.g4 Re7 24.Qf4 Rfe8 25.Bd4 Qh4 26.Bg2 h5 27.Bf3 g5 28.fxg6 Rf8 29.Qh6 Rxf3+
30.Kc2 Qh2+ 31.Kb3 a4+ 32.Kxb4 Qxb2+ 33.Ka5 b6+ 34.Ka6 Re5 35.Qh7+  1-0

[Event "Oz.com qualifier blitz"]
[Site "Internet ICC"]
[Date "2000.03.05"]
[Round "1"]
[White "Mikhalevski,V"]
[Black "Teuton,L"]
[Result "1-0"]
[WhiteElo "2499"]
[BlackElo "2225"]

1.d4 Nf6 2.c4 Nc6 3.Nf3 e6 4.a3 d5 5.e3 Be7 6.Nc3 Ne4 7.Qc2 f5 8.Bd3 O-O
9.cxd5 exd5 10.Qb3 Nxc3 11.bxc3 Na5 12.Qa2 b6 13.Ne5 Bb7 14.O-O c5 15.a4 Bd6
16.f4 Bxe5 17.fxe5 g6 18.Bd2 Rc8 19.Rf2 c4 20.Bc2 Nb3 21.Raf1 Qd7 22.Bc1 Bc6
23.Ba3 Rfe8 24.g4 fxg4 25.Rf6 Re6 26.Rxe6 Qxe6 27.Rf6 Qd7 28.e6 Qg7 29.Rf4 g5
30.Rf7 Qh6 31.Bxh7+ Qxh7 32.Rxh7 Kxh7 33.Qf2 Be8 34.Qf8 Nd2 35.Be7 Nf3+ 36.Kf2 Nd2
37.Qf5+ Kh8 38.Bf6+ Kg8 39.Qxg5+  1-0

[Event "Oz.com qualifier blitz"]
[Site "Internet ICC"]
[Date "2000.03.05"]
[Round "8"]
[White "Kaidanov,G"]
[Black "Vlassov,N"]
[Result "1-0"]
[WhiteElo "2599"]
[BlackElo "2455"]

1.d4 Nf6 2.c4 Nc6 3.Nf3 e6 4.a3 g6 5.Nc3 Bg7 6.e4 d5 7.e5 Ne4 8.Bd3 Nxc3
9.bxc3 dxc4 10.Bxc4 Na5 11.Bd3 c5 12.Bg5 Qc7 13.O-O Bd7 14.Nd2 h6 15.Bf6 Bxf6
16.exf6 O-O-O 17.Ne4 cxd4 18.cxd4 Kb8 19.Rb1 Bc6 20.Nc5 Ka8 21.Rb4 Rd6 22.Qd2 Rhd8
23.Qxh6 Rxd4 24.Rxd4 Rxd4 25.Nxe6 fxe6 26.f7 Rd8 27.f8=Q Rxf8 28.Qxf8+ Qb8
29.Qxb8+ Kxb8 30.Bxg6 Kc7 31.h4 Kd6 32.h5 Ke7 33.h6 Kf6 34.h7 Kg7 35.f4 Nc4
36.f5 exf5 37.Rxf5 Kxg6 38.h8=Q Kxf5 39.Qf8+ Ke4 40.g4 Ne5 41.Qf5+ Kd4 42.g5 Be4
43.Qf2+ Kd3 44.Qg3+ Kd4 45.Qf2+ Kd3 46.Qxa7 Nf3+ 47.Kf2 Nxg5 48.Qe3+  1-0

[Event "Oz.com qualifier blitz"]
[Site "Internet ICC"]
[Date "2000.03.05"]
[Round "9"]
[White "Mikhalevski,V"]
[Black "Herder,D"]
[Result "1-0"]
[WhiteElo "2499"]
[BlackElo "2263"]

1.d4 Nf6 2.c4 Nc6 3.Nf3 e6 4.a3 d6 5.Nc3 Be7 6.e4 e5 7.d5 Nb8 8.Rb1 a5 9.h3 O-O
10.Bd3 c6 11.O-O cxd5 12.cxd5 Nbd7 13.Bc2 b6 14.b4 axb4 15.axb4 Ba6 16.Bd3 Qc7
17.Bb2 Rfc8 18.Rc1 Bxd3 19.Qxd3 Qc4 20.Qxc4 Rxc4 21.Ra1 Rxa1 22.Rxa1 Nxe4
23.Nxe4 Rxe4 24.Ra7 Rxb4 25.Rxd7 Bf8 26.Ba3 Rb1+ 27.Kh2 Rd1 28.Nxe5 Rxd5
29.Nxf7 Rd2 30.f3 h6 31.Nd8 Rd3 32.Bb4 Rd4 33.Be1 Rd1 34.Bg3 d5 35.Ne6 Bc5
36.Be5  1-0

[Event "21st Open A"]
[Site "Bled SLO"]
[Date "2000.03.28"]
[Round "4"]
[White "Basagic,Z"]
[Black "Cebalo,M"]
[Result "1/2-1/2"]
[WhiteElo "2338"]
[BlackElo "2553"]

1.d4 Nf6 2.c4 Nc6 3.Nc3 e5 4.d5 Ne7 5.h4 Neg8 6.Qa4 a5 7.Nf3 e4 8.Ng5 Bb4
9.Bd2 Qe7 10.Ncxe4 Bxd2+ 11.Nxd2 Nh6 12.e3 O-O 13.Bd3 d6 14.Qc2 g6 15.Qc3 Nhg4
16.Nge4 Nxe4 17.Bxe4 h6 18.Bf3 Ne5 19.Be2 c6 20.f4 Ng4 21.Bxg4 Bxg4 22.dxc6 bxc6
23.Kf2 Rab8 24.b3 d5 25.Qxa5 Rfe8 26.Qc3 h5 27.Nf3 Bxf3 28.gxf3 dxc4 29.bxc4 Qc5
30.Rhb1 Ra8 31.a4 Qf5 32.Kg3 Rxa4 33.e4 Rxa1 34.Rxa1 Qc5 35.e5 Kh7 36.Rd1 Re7
37.Qd4 Qxd4 38.Rxd4 Kg7 39.Rd6 Re6 40.f5 Rxe5 41.f6+ Kh7 42.Rd7 g5 43.Rxf7+ Kg6
44.Rc7 gxh4+ 45.Kh3 Rf5 46.Rxc6 Rxf3+ 47.Kxh4 Rf4+ 48.Kh3 Rxf6  1/2-1/2